LEADER 01473nam a2200289 u 4500 001 000000002247 003 CaOOAMICUS 005 20240528105309.0 008 940920s1771 fr u000 u fre u 032 $aLibriCat 035 $a10056051 040 $aBAV-R2$bita$dPUL(R)$dBAV-R2 100 1 $aDe Saulzet, Marc,$dsecolo 18.$0(OLS)http://pul/name/2429 245 10$aAbregé du recueil des actes, titres et memoires concernant les affairs du clergé de France ou Table raisonnée en forme de précis des matieres contenues dans ce recueil divisée en deux parties .. 246 33$aAbrége des mémoires du clergé de France 250 $a2. ed. 260 $aParis :$bG. Desprez,$cMDCCLXXI. 300 $a2 v. in 1 ;$c26 cm 500 $aTitolo del legatore: Memoires du clergé. 610 24$aChiesa cattolica$zFrancia.$0(OLS)http://pul/subject/2077 850 $aPUL 852 $aPUL$W1$xDP1 Antico 700$y26$m148 F 13$j2984$nBK-PRI$b $qStampati Antico$B2984$CPULBib$Z2$F2984 $H $81 941 1 $a15 996 $6245$aAbregé du recueil des actes, titres et memoires concernant les affairs du clergé de France ou Table raisonnée en forme de précis des matieres contenues dans ce recueil divisée en deux parties ..$9(OLS)http://pul/title/3342 996 $6246$aAbrége des mémoires du clergé de France$9(OLS)http://pul/title/3343 996 $6260$aParis :$bG. Desprez$9(OLS)http://pul/publisher/49230 LEADER 01075cam a2200265 a 4500 001 000000136359 003 CaOOAMICUS 005 20131119145645.0 008 131119s1972 fr 000 u fre r 040 $aPUL$bita 100 0 $aStendhal,$d1783-1842.$0(OLS)http://pul/name/47414 245 13$aLe Rouge et le Noir :$bchronique du XIXe siècle /$cStendhal ; préface de Claude Roy ; postface et notes de Béatrice Didier. 260 $aParis :$bGallimard,$c1972. 300 $a700 p. $c18 cm. 490 1 $aFolio ;$v17 700 1 $aDidier, Béatrice.$0(OLS)http://pul/name/87811 700 1 $aRoy, Claude.$0(OLS)http://pul/name/87812 830 0$aFolio ;$v17.$0(OLS)http://pul/title/141707 850 $aPUL 852 $aPUL$W1$xDP1 Fondo E. Rossi$y115$m2 C 88$j157060$qFondi$B156550$CPULBib$Z2$F156550 $82 941 1 $a1 961 $aSul dorso collocazione ms. di E. Rossi: III 84 996 $6245$aLe Rouge et le Noir :$bchronique du XIXe siècle$9(OLS)http://pul/title/172500 996 $6260$aParis :$bGallimard$9(OLS)http://pul/publisher/48435